| 000 | 00543nam a2200145Ia 4500 | ||
|---|---|---|---|
| 008 | 140724s9999 xx 000 0 und d | ||
| 050 |
_aQA 76.5 _b.Sa252 2011 |
||
| 100 | _aSasaki, Shigehiko Cortez. | ||
| 245 |
_aAutomated inventory system of the laboratory of Southville International School and Colleges / _cShigehiko Cortez Sasaki. |
||
| 260 |
_aLas PiƱas, Philippines : _bSouthville International School and Colleges, _cc2011. |
||
| 300 |
_a53 p. : _bill. ; _c28 cm. |
||
| 521 | _aInformation Technology | ||
| 942 | _cTH | ||
| 999 |
_c228733 _d228733 |
||